| 000 | 01532cam a2200325 i 4500 | ||
|---|---|---|---|
| 999 |
_c130243 _d130243 |
||
| 001 | 18062860 | ||
| 003 | ARRUPE | ||
| 005 | 20200131111324.0 | ||
| 008 | 140305s2014 nyu b 001 0 eng c | ||
| 010 | _a 2014008964 | ||
| 020 | _a9781137446923 (hardback : alk. paper) | ||
| 040 |
_aIEN/DLC _beng _cIEN _erda _dDLC |
||
| 042 | _apcc | ||
| 043 | _af------ | ||
| 050 | 0 | 0 |
_aDT30.5 _b.O784 2014 |
| 082 | 0 | 4 |
_a320.96 _223 |
| 100 | 1 |
_aOsha, Sanya. _949223 |
|
| 245 | 1 | 0 |
_aAfrican postcolonial modernity : _binformal subjectivities and the democratic consensus / _cSanya Osha. |
| 260 |
_aNew York _bPalgrave Macmillan _c2014 |
||
| 300 |
_aix, 262 pages ; _c24 cm |
||
| 504 | _aIncludes bibliographical references (pages 239-251) and index. | ||
| 505 | 0 | _aThe polis : from Greece to an African Athens -- The order/other of political culture -- Urbanscapes -- Youth, violence and the production of knowledge -- (Mis)understanding Mbekism -- Global activism and discourses of dispossession in South Africa -- African sexualities I -- African sexualities II -- Conclusion : yearnings of modernity. | |
| 650 | 0 |
_aPolitical culture _zAfrica. _949224 |
|
| 650 | 0 |
_aGlobalization _xPolitical aspects _zAfrica. _949225 |
|
| 650 | 0 |
_aGlobalization _xSocial aspects _zAfrica. _949226 |
|
| 651 | 0 |
_aAfrica _xPolitics and government _y1960- _xPhilosophy. _949227 |
|
| 906 |
_a7 _bcbc _corignew _d1 _eecip _f20 _gy-gencatlg |
||
| 942 |
_2lcc _cMONOGRAPH |
||